| 000 | 01257nam a22002537a 4500 | ||
|---|---|---|---|
| 005 | 20170124103133.0 | ||
| 010 | _aB-141444 | ||
| 020 |
_c175.00 _a8170435455 |
||
| 035 | _aB-141444 | ||
| 037 | _bCen Lib/Ret | ||
| 040 |
_aDPL _bHN |
||
| 082 |
_a608 _bप्रकृति |
||
| 245 |
_aप्रकृति और विज्ञान के चमत्कार / _cसंपादक मुकेश नादान |
||
| 246 |
_aPrakṛti aura vijñāna ke camatkāra / _bsampadak Mukesh Nadan |
||
| 260 |
_aदिल्ली _bआत्माराम एंड संस _c2004 |
||
| 270 |
_aकश्मीरी गेट _bदिल्ली _e110006 |
||
| 300 |
_a160पृ. : _c21सेमी (सजिल्द) _bसचित्र |
||
| 650 |
_aविज्ञान - लोकप्रिय काम करता है। _984792 |
||
| 650 |
_aविज्ञान के क्षेत्र में खोजों - लोकप्रिय काम करता है _984793 |
||
| 650 |
_aScience -- Popular works. _921098 |
||
| 650 |
_aDiscoveries in science -- Popular works _984794 |
||
| 700 |
_aनादान, मुकेश _984795 |
||
| 942 |
_2ddc _cHN _h608 _mप्रकृति |
||
| 999 |
_c119417 _d119417 |
||